000 00528 a2200169 4500
999 _c5857
_d5857
010 _aENG-86984
020 _a812881403
_c395.00
035 _aEN-70517
037 _bDBAD / PUB
082 1 4 _a260
100 1 _aNirchhal, Narinder
245 1 _aEk onkar satnam :
_cby Narinder Nirchhal
_ba book on sikhism /
260 _aNew Delhi
_bDiamond Pocket Books
_c2007
270 _aX-30, Okhla Indl. Area, Phase-II,
_bNew Delhi
_e110 020
300 _a147p.
_c24cm (Hb)
_bcol. photos
942 _adpl
_cEN
_2ddc
_h260
_mNIR